Symbolism and Spiritual wisdom/ (Record no. 64460)

MARC details
000 -LEADER
fixed length control field 00699nam a22001577a 4500
005 - DATE AND TIME OF LATEST TRANSACTION
control field 2012021600430.0
020 ## - INTERNATIONAL STANDARD BOOK NUMBER
Terms of availability 35.00
035 ## - SYSTEM CONTROL NUMBER
System control number A-465536
037 ## - SOURCE OF ACQUISITION
Stock number DPL
Source of stock number/acquisition ENG
100 ## - MAIN ENTRY--PERSONAL NAME
Personal name Ghosh,Ardhendu Sekhar
245 ## - TITLE STATEMENT
Title Symbolism and Spiritual wisdom/
Statement of responsibility, etc by Ardhendu Sekhar Ghosh
260 ## - PUBLICATION, DISTRIBUTION, ETC. (IMPRINT)
Place of publication, distribution, etc Mumbai
Name of publisher, distributor, etc Bhartiya Vidya Bhavan
Date of publication, distribution, etc 1990
300 ## - PHYSICAL DESCRIPTION
Extent v,202p.
Dimensions 22 cms.
942 ## - ADDED ENTRY ELEMENTS (KOHA)
Source of classification or shelving scheme Dewey Decimal Classification
Item type English Books
Classification part 230.46
Call number suffix GHO
Holdings
Withdrawn status Lost status Not for loan Collection code Home library Current library Date acquired Cost, normal purchase price Full call number Barcode Cost, replacement price Koha item type
      Non-fiction Sarojini Nagar Sarojini Nagar 28/03/2012 35.00 230.46 GHO A-465536 35.00 English Books

© Delhi Public Library
Hit Counter
free hit counter